000 00442nam a2200181Ia 4500
005 20240429124204.0
008 131103s9999 xx 000 0 und d
040 _aLoreto College
041 _aEnglish
082 _a371.33
_bWRI
100 _aWright, Andrew
245 _aDesigning for Visual Aids
_cAndrew Wright
260 _aLondon
_bStudio vista
_c1970
300 _a96p.
650 _aEducation
850 _aLCBED
942 _cBK
999 _c26081
_d76560